Konkretno-predmetnye značeniâ turkskogo imeni suŝestvitel'nogo kak zona relevantnosti kategorij čisla i opredelennosti-neopredelennosti

Elmentve itt :
Bibliográfiai részletek
Szerzők: Guzev Viktor Grigor'evič
Nasilov D. M.
Dokumentumtípus: Cikk
Megjelent: 1971
Sorozat:Sovetskaâ Turkologiâ
Kulcsszavak:Török nyelv - személynév
Tárgyszavak:
Online Access:http://misc.bibl.u-szeged.hu/62615
LEADER 00868nab a2200229 i 4500
001 misc62615
005 20230201121906.0
008 220330s1971 hu o 0|| rus d
040 |a SZTE Miscellanea Repozitórium  |b hun 
041 |a rus 
100 1 |a Guzev Viktor Grigor'evič 
245 1 0 |a Konkretno-predmetnye značeniâ turkskogo imeni suŝestvitel'nogo kak zona relevantnosti kategorij čisla i opredelennosti-neopredelennosti  |h [elektronikus dokumentum] /  |c  Guzev Viktor Grigor'evič 
260 |c 1971 
300 |a 21-25  |c 27 cm 
490 0 |a Sovetskaâ Turkologiâ 
561 |a Németh Gyula hagyaték 
591 |a NOA 2064 
650 4 |a Bölcsészettudományok 
650 4 |a Nyelvek és irodalom 
695 |a Török nyelv - személynév 
700 0 1 |a Nasilov D. M.  |e aut 
856 4 0 |u http://misc.bibl.u-szeged.hu/62615/1/2064_noa_g75.pdf  |z Dokumentum-elérés